| 000 | 00430nam a22001697a 4500 | ||
|---|---|---|---|
| 003 | CEME | ||
| 005 | 20210628205815.0 | ||
| 008 | 210317b xxu||||| |||| 00| 0 eng d | ||
| 040 | _c. | ||
| 082 | _a910.4 INS | ||
| 100 |
_aIbne-E-Inshah _977068 |
||
| 245 | _aUrdu ki akhri kitaab yani jadeed urdu reader | ||
| 260 |
_aLAHORE _bLAHORE ACADEMY _c1997 |
||
| 300 | _a192P | ||
| 650 |
_aURDU ADAB-FICTIONS _965572 |
||
| 942 |
_cBK _2ddc |
||
| 999 |
_c582415 _d582415 |
||